| 000 | 00571nam a2200205 a 4500 | ||
|---|---|---|---|
| 003 | IIN | ||
| 005 | 20251029125122.0 | ||
| 008 | 231217s9999 xx 000 0 und d | ||
| 020 |
_cRs.335.00 _a9789395951289 |
||
| 040 |
_aIIN _bEnglish |
||
| 082 |
_a611 _bBHI |
||
| 100 | 1 | _aBhise, S.B. | |
| 245 | 2 |
_aA Textbook of Applied Anatomy: _bfor B.Sc Nursing / _cS.B. Bhise, A.V. Yadav & Asma Murad Mujawar |
|
| 260 |
_bNirali Prakashan: _aPune, _c2023. |
||
| 300 | _a266 p. | ||
| 650 | 1 | _aAnatomy | |
| 700 | 1 | _aYadav , A.V. | |
| 700 | 1 | _aMujawar, Asma Murad | |
| 942 | _cBOOK | ||
| 999 |
_c1639 _d1639 |
||